|
|
|
|
| LEADER |
00675nab a2200193 i 4500 |
| 001 |
acta22295 |
| 005 |
20210526105352.0 |
| 008 |
161017s1997 hu o 0|| eng d |
| 022 |
|
|
|a 0563-0592
|
| 040 |
|
|
|a SZTE Egyetemi Kiadványok Repozitórium
|b hun
|
| 041 |
|
|
|a eng
|
| 100 |
1 |
|
|a Wójtowicz Ewa
|
| 245 |
1 |
0 |
|a Environment, pregnancy duration and body mass of newborns
|h [elektronikus dokumentum] /
|c Wójtowicz Ewa
|
| 260 |
|
|
|c 1997
|
| 300 |
|
|
|a 341-348
|
| 490 |
0 |
|
|a Acta biologica
|v 42 No. 1-4
|
| 695 |
|
|
|a Természettudomány, Biológia
|
| 700 |
0 |
2 |
|a Gładykowska-Rzeczycka Judyta
|e aut
|
| 856 |
4 |
0 |
|u http://acta.bibl.u-szeged.hu/22295/1/biologica_042_341-348.pdf
|z Dokumentum-elérés
|